000 00911nam a2200301Ia 4500
001 Z_5745
003 CHAP
008 220113s2009 xx 000 0 und d
010 _a168850
040 _cCHAP
090 _aTesis 2106
100 _aMaldonado Chávez, Rubén
_970085
245 _aEfecto de la administración de eCG en un programa de sincronización de estro en vacas raza Charolais /
_cRubén Maldonado Chávez
260 _aChapingo, Méx. :
_bEl autor,
_c2009
300 _a47 h.
502 _aTesis (Ing. Agr. Esp. en Zootecnia) -- UACH. Departamento de Zootecnia
650 _aCiclo estrual
_923072
650 _aGanado Charolais
_945066
650 _aGanado vacuno
_xFecundidad
_945466
650 _aProstaglandina
_992434
650 _aSincronización del celo
_9106556
901 _aTESIS 2106
902 _aM
910 _a2009
942 _c2
942 _c2
999 _c168850
_d168850